| 000 | 01832cad a22003015a 4500 | ||
|---|---|---|---|
| 001 | E146921 | ||
| 008 | 090313s2009 xxk f lf000 0 eng d | ||
| 035 | _a(Sirsi) u146921 | ||
| 041 | 0 | _aeng | |
| 050 | 0 | 4 | _a711.1 $2 18 |
| 110 | 2 |
_aUnited Kingdom _kLaws, etc. _95044 |
|
| 245 | 0 | 4 |
_aThe Town and Country Planning (Hearings and Inquiries Procedures) (England) (Amendment) Rules 2009 _h[electronic resource] |
| 260 |
_aLondon _bOPSI _c2009 |
||
| 490 | 0 |
_aSI _v(455) 2009 |
|
| 520 | _aThese Rules amend the Town and Country Planning (Hearings Procedure) (England) Rules 2000, the Town and Country Planning Appeals (Determination by Inspectors) (Inquiries Procedure) (England) Rules 2000, the Town and Country Planning (Inquiries Procedure) (England) Rules 2000, and the Town and Country Planning (Major Infrastructure Project Inquiries Procedure) (England) Rules 2005. The amendments alter procedures in the Hearings and Inquiries Rules and make clarificatory amendments to the other Rules mentioned above. | ||
| 520 | _aComes into force 6 April 2009. | ||
| 521 | _aAdvanced | ||
| 590 | _aKA | ||
| 650 | 2 | 4 | _aTOWN AND COUNTRY PLANNING (HEARINGS AND INQUIRIES PROCEDURES) (ENGLAND) (AMENDMENT) RULES 2009 |
| 650 | 2 | 4 | _aTOWN AND COUNTRY PLANNING (HEARINGS PROCEDURE) (ENGLAND) RULES 2000 |
| 650 | 2 | 4 | _aTOWN AND COUNTRY PLANNING APPEALS (DETERMINATION BY INSPECTORS) (INQUIRIES PROCEDURE) (ENGLAND) RULES 2000 |
| 650 | 2 | 4 | _aTOWN AND COUNTRY PLANNING (INQUIRIES PROCEDURE) (ENGLAND) RULES 2000 |
| 650 | 2 | 4 | _aTOWN AND COUNTRY PLANNING (MAJOR INFRASTRUCTURE PROJECT INQUIRIES PROCEDURE) (ENGLAND) RULES 2005 |
| 651 | 4 |
_aEngland _y886- |
|
| 690 |
_aPlanning and development _96259 |
||
| 856 | 4 | 0 |
_uhttps://www.opsi.gov.uk/si/si2009/uksi_20090455_en_1 _zView the item free of charge online at www.opsi.gov.uk... |
| 942 | _n0 | ||
| 999 |
_c109350 _d109350 |
||